000 00405 a2200169 4500
001 184235
020 _a85-08-05120-4
040 _cMagnum
100 _aNovaes, Carlos Eduardo
240 1 0 _aA cadeira do dentista e outras crônicas
_lpor
245 1 0 _aA cadeira do dentista e outras crônicas
300 _a123
362 0 _a2000
440 1 _aÁtica
697 _aLITERATURA JUVENIL
942 _cBK
999 _c184235
_d184235